00231nam a2200097Ia 4500008004100000041001200041100001400053245005300067260000600120650000700126221030s9999 xx 000 0 und d aEnglish aC. S. Eun 0aInternational Financial Managementcby C. S. Eun c0 aMb